000 01729 a2200277 4500
999 _c6953
_d6953
020 _a156338311X (v. 1)
020 _a1563383306 (v. 2)
050 0 0 _aBJ1275
245 0 0 _aGod and globalization. Vol. 3 :
_cedited by Max L. Stackhouse with Peter Paris.
_b Christ and the dominions of civilization /
264 _aHarrisburg:
_bTrinity Press Intaernational,
_c2010
300 _a4 v. ;
440 0 _aTheology for the twenty-first century
500 _aVol. 2 edited by Max L. Stackhouse with Don S. Browning; v. 3 edited by Max L. Stackhouse with Diane B. Obenchain.
504 _aIncludes bibliographical references and index.
650 0 _aChristian ethics.
650 0 _aGlobalization
_xMoral and ethical aspects.
650 0 _aGlobalization
_xReligious aspects
_xChristianity.
700 1 _aStackhouse, Max L.
700 1 _aParis, Peter J.,
_d1933-
700 1 _aBrowning, Don S.
700 1 _aObenchain, Diane Burdette.
856 4 1 _3Table of contents only
_uhttp://www.loc.gov/catdir/toc//00020203.html
942 _2lcc
_cBK
_h1275
_iGOD
_kBJ